[Event "Titled Tuesday 2020.08.04 10am"]
[Site "chess.com INT"]
[Date "2020.08.04"]
[Round "4"]
[White "Colas, Joshua"]
[Black "Hansen, Eric"]
[Result "1-0"]
[WhiteElo "2255"]
[BlackElo "2606"]
[PlyCount "87"]
[GameId "2130307594479105"]
[EventDate "2020.08.04"]
[EventType "k.o. (blitz)"]
[EventRounds "3"]
[EventCountry "NET"]
[SourceTitle "The Week in Chess 1344"]
[Source "Mark Crowther"]
[SourceDate "2020.08.10"]
[SourceVersion "1"]
[SourceVersionDate "2020.08.10"]
[SourceQuality "2"]

1. Nf3 d5 2. d4 Nf6 3. g3 c6 4. Bg2 Bf5 5. O-O e6 6. b3 Be7 7. Bb2 O-O 8. c4 h6 9. Nc3 Nbd7 10. Nd2 Bh7 11. e4 dxe4 12. Ndxe4 Nxe4 13. Nxe4 Nf6 14. Qe2 Qa5 15. a3 Rad8 16. Rfd1 Rd7 17. b4 Qf5 18. Nxf6+ Bxf6 19. Rd2 Rfd8 20. Rad1 Bg6 21. h3 h5 22. Kh2 h4 23. Kh1 Bg5 24. Rd3 Qxd3 25. Rxd3 Bxd3 26. Qxd3 Bf6 27. b5 c5 28. g4 Bxd4 29. Bxd4 Rxd4 30. Qc3 b6 31. Bf1 Rd2 32. Kg2 Ra2 33. Bd3 Rd4 34. Bb1 Rad2 35. Qf3 g6 36. Qf6 Rd7 37. Bxg6 fxg6 38. Qxg6+ Rg7 39. Qxe6+ Rf7 40. Qg6+ Rg7 41. Qe8+ Kh7 42. Qh5+ Kg8 43. Qxh4 Rf7 44. Qg5+ 1-0

[Event "Titled Tuesday 2020.08.04 10am"]
[Site "chess.com INT"]
[Date "2020.08.04"]
[Round "5"]
[White "Hansen, Eric"]
[Black "Metpally, Jason"]
[Result "1/2-1/2"]
[WhiteElo "2606"]
[BlackElo "2204"]
[PlyCount "194"]
[GameId "2130307594483293"]
[EventDate "2020.08.04"]
[EventType "k.o. (blitz)"]
[EventRounds "3"]
[EventCountry "NET"]
[SourceTitle "The Week in Chess 1344"]
[Source "Mark Crowther"]
[SourceDate "2020.08.10"]
[SourceVersion "1"]
[SourceVersionDate "2020.08.10"]
[SourceQuality "2"]

1. e4 e5 2. Nf3 Nc6 3. Bb5 a6 4. Ba4 d6 5. O-O Bg4 6. h3 h5 7. d4 b5 8. Bb3 Nxd4 9. hxg4 hxg4 10. Bxf7+ Kxf7 11. Ng5+ Ke8 12. c3 Be7 13. cxd4 Bxg5 14. Qxg4 Bxc1 15. Rxc1 Qh4 16. Qxh4 Rxh4 17. Nd2 Kd7 18. dxe5 dxe5 19. a4 Rb8 20. Nb3 bxa4 21. Nc5+ Kd6 22. Rxa4 Rxb2 23. Rxa6+ Rb6 24. Ra2 Nf6 25. f3 Rh8 26. Rd2+ Ke7 27. Na4 Rb7 28. Rc6 Rd8 29. Rdc2 Rb1+ 30. Kf2 Kf7 31. Rxc7+ Kg6 32. Nc5 Rf8 33. Nd3 Nxe4+ 34. Ke3 Nf6 35. Nxe5+ Kf5 36. R7c5 Re1+ 37. Kd4 Rd8+ 38. Kc4 Rxe5 39. Rc7 Rg8 40. Ra2 g5 41. Ra6 g4 42. Rf7 Rg6 43. fxg4+ Kxg4 44. Rfxf6 Rxf6 45. Rxf6 Re2 46. Rg6+ Kf4 47. Kd4 Kf5 48. Rg8 Re4+ 49. Kd3 Rg4 50. Rf8+ Kg6 51. Rf2 Kg5 52. Ke3 Kh4 53. Ke2 Kg3 54. Kf1 Rg8 55. Rf3+ Kg4 56. Kf2 Ra8 57. Rg3+ Kf4 58. Rg7 Ra2+ 59. Kg1 Ra1+ 60. Kh2 Ra8 61. g3+ Kf3 62. Rf7+ Kg4 63. Rf4+ Kg5 64. Kh3 Rh8+ 65. Kg2 Ra8 66. Rc4 Kg6 67. Kh3 Ra5 68. Rc6+ Kg5 69. Rc8 Kg6 70. Rg8+ Kf7 71. Rh8 Kg7 72. Rh4 Ra6 73. Rf4 Kh7 74. Kh4 Kg7 75. Rf5 Ra1 76. Kg5 Ra6 77. g4 Rb6 78. Kf4 Ra6 79. Re5 Rb6 80. Re7+ Kf6 81. Ra7 Kg6 82. Ra4 Kg7 83. Re4 Rb1 84. Re5 Rb6 85. Kf5 Kf7 86. g5 Rb1 87. g6+ Kg7 88. Re7+ Kg8 89. Ra7 Rf1+ 90. Kg5 Rg1+ 91. Kf5 Rf1+ 92. Kg5 Rg1+ 93. Kf6 Rf1+ 94. Ke5 Re1+ 95. Kf6 Rf1+ 96. Ke5 Re1+ 97. Kf6 Rf1+ 1/2-1/2

[Event "Titled Tuesday 2020.08.04 10am"]
[Site "chess.com INT"]
[Date "2020.08.04"]
[Round "8"]
[White "Chirila, Ioan Christian"]
[Black "Hansen, Eric"]
[Result "0-1"]
[WhiteElo "2536"]
[BlackElo "2606"]
[PlyCount "90"]
[GameId "2130307594491671"]
[EventDate "2020.08.04"]
[EventType "k.o. (blitz)"]
[EventRounds "3"]
[EventCountry "NET"]
[SourceTitle "The Week in Chess 1344"]
[Source "Mark Crowther"]
[SourceDate "2020.08.10"]
[SourceVersion "1"]
[SourceVersionDate "2020.08.10"]
[SourceQuality "2"]

1. d4 d5 2. c4 e6 3. Nc3 Nf6 4. Nf3 c5 5. cxd5 Nxd5 6. e4 Nxc3 7. bxc3 cxd4 8. cxd4 Bb4+ 9. Bd2 Bxd2+ 10. Qxd2 O-O 11. Bc4 Nd7 12. O-O b6 13. Rad1 Bb7 14. Rfe1 Rc8 15. Bb3 Nf6 16. Qf4 h6 17. d5 exd5 18. e5 Nh7 19. h4 Rc5 20. Nd4 Bc8 21. Bc2 Be6 22. Re3 Qc8 23. Bf5 Rc4 24. Bd3 Rc1 25. Rxc1 Qxc1+ 26. Kh2 Qc8 27. Rg3 Kh8 28. Bf5 Qd7 29. Qg4 g5 30. Bxe6 fxe6 31. Nxe6 Re8 32. Nd4 Qxg4 33. Rxg4 Rxe5 34. Nc6 Re2 35. Nxa7 Rxa2 36. Nc8 b5 37. Nb6 Rd2 38. hxg5 hxg5 39. Rb4 Nf6 40. Rxb5 Kg7 41. Rc5 Kg6 42. Rc7 Rxf2 43. Rc6 Kf5 44. Rd6 Rd2 45. Nd7 Ng4+ 0-1

[Event "Titled Tuesday 2020.08.04 10am"]
[Site "chess.com INT"]
[Date "2020.08.04"]
[Round "10"]
[White "Bakalchuk, Johnatan"]
[Black "Hansen, Eric"]
[Result "0-1"]
[WhiteElo "2448"]
[BlackElo "2606"]
[PlyCount "94"]
[GameId "2130307594495882"]
[EventDate "2020.08.04"]
[EventType "k.o. (blitz)"]
[EventRounds "3"]
[EventCountry "NET"]
[SourceTitle "The Week in Chess 1344"]
[Source "Mark Crowther"]
[SourceDate "2020.08.10"]
[SourceVersion "1"]
[SourceVersionDate "2020.08.10"]
[SourceQuality "2"]

1. e4 c5 2. Nf3 e6 3. d4 cxd4 4. Nxd4 a6 5. Nc3 Qc7 6. g3 Nf6 7. Bg2 d6 8. O-O Be7 9. f4 Nc6 10. Be3 O-O 11. Nb3 b5 12. g4 b4 13. Na4 Rb8 14. g5 Nd7 15. Rf3 Re8 16. Rh3 g6 17. Qe1 Bf8 18. Qh4 h6 19. gxh6 Kh7 20. Nd2 Be7 21. Qg3 Nf6 22. Rf1 Rg8 23. b3 a5 24. Nb2 Ba6 25. Nd3 Rbc8 26. Kh1 Nd8 27. Nc4 Bxc4 28. bxc4 Qxc4 29. e5 Ne4 30. Qf3 d5 31. Nf2 Nxf2+ 32. Rxf2 Qxa2 33. Rg3 Rxc2 34. Rf1 b3 35. f5 exf5 36. Qxd5 Qa4 37. Bb6 Ne6 38. Rxb3 Rgc8 39. Rbb1 Qh4 40. Bg1 a4 41. Ra1 a3 42. Qd7 R2c7 43. Qd5 Rb8 44. Qa5 Rb2 45. Qa8 Qg5 46. Rfe1 Rcc2 47. Bf3 Qh4 0-1

[Event "Titled Tuesday 2020.07.21 Final"]
[Site "chess.com INT"]
[Date "2020.07.21"]
[Round "1.1"]
[White "Martirosyan, Haik M"]
[Black "Hansen, Eric"]
[Result "1-0"]
[WhiteElo "2617"]
[BlackElo "2606"]
[PlyCount "129"]
[GameId "2130307594792300"]
[EventDate "2020.07.21"]
[EventType "k.o."]
[EventRounds "3"]
[EventCountry "NET"]
[SourceTitle "10 Days #622"]
[Source "ChessMix"]
[SourceDate "2020.08.01"]
[SourceVersion "1"]
[SourceVersionDate "2020.08.01"]
[SourceQuality "1"]

1. d4 Nf6 2. Nf3 g6 3. Nc3 d5 4. Bf4 Bg7 5. Nb5 Na6 6. e3 O-O 7. Be2 c6 8. Nc3 Bf5 9. a3 Nc7 10. h4 Ne6 11. Be5 Rc8 12. Ng5 h5 13. Nxe6 Bxe6 14. f3 Bh6 15. g4 hxg4 16. fxg4 Nd7 17. Bf4 Bxf4 18. exf4 Nf6 19. f5 gxf5 20. Qd2 Kh7 21. O-O-O Rg8 22. g5 Ne4 23. Qe3 Qd6 24. Rdg1 f4 25. Qf3 Bf5 26. Bd3 Kg7 27. Nxe4 dxe4 28. Bxe4 Bxe4 29. Qxe4 c5 30. d5 c4 31. c3 Rc5 32. Rd1 Rd8 33. h5 Rxd5 34. h6+ Kh8 35. Rde1 Rxg5 36. Qxe7 Qxe7 37. Rxe7 Rf5 38. Rxb7 f3 39. Rf1 Kh7 40. Rxa7 Re8 41. Rd7 Re4 42. Rd4 Rxd4 43. cxd4 Kxh6 44. Kd2 Rb5 45. Kc3 Rb3+ 46. Kxc4 Rxb2 47. Rxf3 Kg6 48. a4 f5 49. a5 Ra2 50. Kb5 Kg5 51. a6 Kg4 52. Rf1 Rb2+ 53. Kc6 Ra2 54. Kb6 f4 55. d5 Kf5 56. d6 Ke6 57. Rxf4 Kxd6 58. Rd4+ Ke5 59. Rd1 Rb2+ 60. Kc7 Rc2+ 61. Kb7 Rb2+ 62. Ka8 Ra2 63. a7 Ke6 64. Rb1 Kd7 65. Kb7 1-0

[Event "Titled Tuesday 2020.06.16"]
[Site "chess.com INT"]
[Date "2020.06.16"]
[Round "1"]
[White "Hansen, Eric"]
[Black "Al Tarbosh, Ward"]
[Result "0-1"]
[WhiteElo "2606"]
[BlackElo "2230"]
[PlyCount "86"]
[GameId "2130307595907999"]
[EventDate "2020.06.16"]
[EventType "swiss"]
[EventRounds "10"]
[EventCountry "NET"]
[SourceTitle "10 Days #619"]
[Source "ChessMix"]
[SourceDate "2020.07.01"]
[SourceVersion "1"]
[SourceVersionDate "2020.07.01"]
[SourceQuality "1"]

1. e4 e6 2. Nc3 d5 3. d4 Nf6 4. Bg5 dxe4 5. Nxe4 Be7 6. Bxf6 gxf6 7. Nf3 f5 8. Ned2 c5 9. Bb5+ Nc6 10. O-O Bd7 11. Nb3 Nxd4 12. Nbxd4 cxd4 13. Qxd4 Rg8 14. Qxd7+ Qxd7 15. Bxd7+ Kxd7 16. Rad1+ Ke8 17. c4 Bf6 18. b4 Rd8 19. h3 Ke7 20. c5 Rxd1 21. Rxd1 Rd8 22. Rc1 h6 23. Kf1 Rd3 24. b5 Kd7 25. a4 Kc7 26. Rc4 Rc3 27. Nd2 Rxc4 28. Nxc4 Bd4 29. Nd6 Bxc5 30. Nxf7 Bf8 31. g4 fxg4 32. hxg4 Bg7 33. f4 Kd7 34. Ke2 Ke7 35. Ne5 Bxe5 36. fxe5 Kf7 37. b6 axb6 38. Kd3 Kg6 39. Kc4 Kg5 40. Kb5 Kxg4 41. Kxb6 h5 42. Kc7 h4 43. Kd6 Kf5 0-1

[Event "Titled Tuesday 2020.06.16"]
[Site "chess.com INT"]
[Date "2020.06.16"]
[Round "4"]
[White "Piliposyan, Robert"]
[Black "Hansen, Eric"]
[Result "0-1"]
[WhiteElo "2199"]
[BlackElo "2606"]
[PlyCount "88"]
[GameId "2130307595945720"]
[EventDate "2020.06.16"]
[EventType "swiss"]
[EventRounds "10"]
[EventCountry "NET"]
[SourceTitle "10 Days #619"]
[Source "ChessMix"]
[SourceDate "2020.07.01"]
[SourceVersion "1"]
[SourceVersionDate "2020.07.01"]
[SourceQuality "1"]

1. d4 Nf6 2. c4 g6 3. Nc3 d5 4. cxd5 Nxd5 5. e4 Nxc3 6. bxc3 Bg7 7. Bc4 c5 8. Ne2 Nc6 9. Be3 O-O 10. O-O Bg4 11. f3 Bd7 12. dxc5 Na5 13. Bd3 Qc7 14. Nd4 Rfd8 15. Qc2 e5 16. Nb5 Bxb5 17. Bxb5 Bf8 18. Qf2 Rac8 19. Rfd1 Rxd1+ 20. Rxd1 Bxc5 21. Bxc5 Qxc5 22. Rd8+ Kg7 23. Rxc8 Qxc8 24. Qxa7 Qxc3 25. h3 Qb4 26. Bf1 Nc6 27. Qa8 Nd4 28. Qb8 Qc5 29. Kh2 b6 30. a4 h5 31. Qe8 Ne6 32. Qb5 h4 33. Qxc5 Nxc5 34. Bb5 Kh6 35. Kg1 Kg5 36. Kf2 Kf4 37. Be8 f5 38. Ke2 fxe4 39. fxe4 g5 40. Bc6 Nxe4 41. Kd3 Nd6 42. Bd5 e4+ 43. Kd4 Nf5+ 44. Kc4 Ne3+ 0-1

[Event "Titled Tuesday 2020.06.16"]
[Site "chess.com INT"]
[Date "2020.06.16"]
[Round "5"]
[White "Hansen, Eric"]
[Black "Stany, George Anthony"]
[Result "1-0"]
[WhiteElo "2606"]
[BlackElo "2522"]
[PlyCount "73"]
[GameId "2130307595949988"]
[EventDate "2020.06.16"]
[EventType "swiss"]
[EventRounds "10"]
[EventCountry "NET"]
[SourceTitle "10 Days #619"]
[Source "ChessMix"]
[SourceDate "2020.07.01"]
[SourceVersion "1"]
[SourceVersionDate "2020.07.01"]
[SourceQuality "1"]

1. e4 c5 2. Nf3 e6 3. d4 cxd4 4. Nxd4 Nc6 5. Nc3 Qc7 6. Be3 a6 7. Qd2 Nf6 8. O-O-O Be7 9. f3 O-O 10. g4 Rd8 11. g5 Nh5 12. Kb1 b5 13. h4 b4 14. Na4 Rb8 15. Qh2 e5 16. Nf5 d5 17. Bh3 d4 18. Bc1 Be6 19. b3 Bxf5 20. exf5 Na7 21. Bg4 Nf4 22. g6 Nb5 23. gxf7+ Kf8 24. h5 h6 25. f6 Bxf6 26. Bf5 Nd5 27. Bb2 Ne3 28. Be4 Nc3+ 29. Nxc3 bxc3 30. Ba3+ Be7 31. Bc1 Qa5 32. Rhg1 Nc4 33. Qh3 Nd2+ 34. Ka1 Rxb3 35. cxb3 Nxb3+ 36. Kb1 Nxc1 37. Kxc1 1-0

[Event "Titled Tuesday 2020.06.16"]
[Site "chess.com INT"]
[Date "2020.06.16"]
[Round "6"]
[White "Lagno, Kateryna"]
[Black "Hansen, Eric"]
[Result "0-1"]
[WhiteElo "2546"]
[BlackElo "2606"]
[PlyCount "104"]
[GameId "2130307595962550"]
[EventDate "2020.06.16"]
[EventType "swiss"]
[EventRounds "10"]
[EventCountry "NET"]
[SourceTitle "10 Days #619"]
[Source "ChessMix"]
[SourceDate "2020.07.01"]
[SourceVersion "1"]
[SourceVersionDate "2020.07.01"]
[SourceQuality "1"]

1. e4 c5 2. Nf3 e6 3. d4 cxd4 4. Nxd4 a6 5. c4 Nf6 6. Nc3 Qc7 7. Bd3 Nc6 8. Be3 Ne5 9. Rc1 Neg4 10. Bg5 Bc5 11. Be2 Qe5 12. Bxf6 Nxf6 13. Nb3 Ba7 14. c5 b6 15. Qd6 Qxd6 16. cxd6 e5 17. a4 Bb7 18. O-O O-O 19. Bd3 Rac8 20. Nd5 Nxd5 21. exd5 Bb8 22. a5 Rxc1 23. Rxc1 Bxd5 24. Nd2 b5 25. Ne4 Bc6 26. Nc5 Bxd6 27. Nxa6 Ra8 28. Nc5 Rxa5 29. b4 Ra3 30. Bf1 f6 31. f3 Kf8 32. Rd1 Bxc5+ 33. bxc5 Rc3 34. Ra1 Rxc5 35. Kf2 Rc2+ 36. Ke3 Rc3+ 37. Kd2 Rc5 38. Ra7 Ke7 39. Bd3 g6 40. h4 f5 41. h5 e4 42. fxe4 fxe4 43. Be2 gxh5 44. Ke3 Rg5 45. Kf4 Rxg2 46. Bxh5 Kd6 47. Ra1 b4 48. Rb1 Kc5 49. Ke3 Rg3+ 50. Kf4 Rc3 51. Bf7 Rf3+ 52. Ke5 Rxf7 0-1

[Event "Titled Tuesday 2020.06.16"]
[Site "chess.com INT"]
[Date "2020.06.16"]
[Round "7"]
[White "Hansen, Eric"]
[Black "Khegay, Dmitriy"]
[Result "1-0"]
[WhiteElo "2606"]
[BlackElo "2528"]
[PlyCount "147"]
[GameId "2130307595970937"]
[EventDate "2020.06.16"]
[EventType "swiss"]
[EventRounds "10"]
[EventCountry "NET"]
[SourceTitle "10 Days #619"]
[Source "ChessMix"]
[SourceDate "2020.07.01"]
[SourceVersion "1"]
[SourceVersionDate "2020.07.01"]
[SourceQuality "1"]

1. e4 c6 2. Nc3 d5 3. Nf3 dxe4 4. Nxe4 Nf6 5. Qe2 Nxe4 6. Qxe4 Qa5 7. Bc4 Bf5 8. Qf4 e6 9. c3 Be7 10. O-O Nd7 11. d4 O-O 12. Re1 Rac8 13. h4 Rfd8 14. Qg3 Bg6 15. Bg5 Bxg5 16. Nxg5 Nf8 17. Bb3 c5 18. Re5 Nd7 19. h5 Nxe5 20. Qxe5 Bxh5 21. Nxe6 fxe6 22. Qxh5 Qb6 23. Re1 Re8 24. Bc2 h6 25. Qg6 cxd4 26. Re5 d3 27. Bxd3 Rf8 28. Re2 Rf6 29. Qh7+ Kf7 30. Qe4 Rd8 31. Bc4 Rd6 32. g3 Qc6 33. Qg4 Rg6 34. Qe4 Qxe4 35. Rxe4 Rf6 36. Re2 Ke7 37. Kg2 a6 38. a4 Kd7 39. Bb3 g5 40. g4 Rf4 41. f3 b5 42. axb5 axb5 43. Bc2 b4 44. Be4 bxc3 45. bxc3 Rf8 46. Kg3 Rc8 47. Rh2 e5 48. Bf5+ Kd8 49. Bxc8 Kxc8 50. Re2 Rd5 51. Kf2 Rc5 52. Re3 Kd7 53. Ke2 Ke6 54. Kd3 Kd5 55. Re4 Rc7 56. c4+ Ke6 57. Re2 Rf7 58. Ke3 Rc7 59. Rc2 Ra7 60. Rh2 Rh7 61. Ke4 Rh8 62. c5 Rh7 63. c6 Kd6 64. Rc2 Rc7 65. Rc3 Ke6 66. Rc1 Kd6 67. Kf5 Rf7+ 68. Kg6 Rc7 69. Kxh6 e4 70. fxe4 Ke5 71. Kxg5 Kxe4 72. Kf6 Kd5 73. g5 Kd6 74. g6 1-0

[Event "Titled Tuesday 2020.06.16"]
[Site "chess.com INT"]
[Date "2020.06.16"]
[Round "8"]
[White "Hansen, Eric"]
[Black "Zhigalko, Sergei"]
[Result "0-1"]
[WhiteElo "2606"]
[BlackElo "2572"]
[PlyCount "60"]
[GameId "2130307595983465"]
[EventDate "2020.06.16"]
[EventType "swiss"]
[EventRounds "10"]
[EventCountry "NET"]
[SourceTitle "10 Days #619"]
[Source "ChessMix"]
[SourceDate "2020.07.01"]
[SourceVersion "1"]
[SourceVersionDate "2020.07.01"]
[SourceQuality "1"]

1. e4 c5 2. Nf3 Nc6 3. Bb5 Nf6 4. Bxc6 dxc6 5. e5 Nd5 6. h3 Bf5 7. O-O e6 8. d3 c4 9. Bg5 Qb6 10. dxc4 Qxb2 11. cxd5 Qxa1 12. dxc6 bxc6 13. Nd4 Bc5 14. Qf3 O-O 15. Nb3 Qxe5 16. Bf4 Qd5 17. Qxd5 cxd5 18. Nxc5 Rfc8 19. Be3 Bxc2 20. Nc3 Rc6 21. Rc1 Bg6 22. f4 f6 23. g4 Re8 24. Kf2 a6 25. a4 Rec8 26. Na2 a5 27. Ke1 e5 28. fxe5 fxe5 29. Nb3 d4 30. Bd2 Bf7 0-1

[Event "Titled Tuesday 2020.06.16"]
[Site "chess.com INT"]
[Date "2020.06.16"]
[Round "9"]
[White "Djukic, Nikola"]
[Black "Hansen, Eric"]
[Result "0-1"]
[WhiteElo "2515"]
[BlackElo "2606"]
[PlyCount "130"]
[GameId "2130307595991832"]
[EventDate "2020.06.16"]
[EventType "swiss"]
[EventRounds "10"]
[EventCountry "NET"]
[SourceTitle "10 Days #619"]
[Source "ChessMix"]
[SourceDate "2020.07.01"]
[SourceVersion "1"]
[SourceVersionDate "2020.07.01"]
[SourceQuality "1"]

1. e4 c5 2. Nf3 e6 3. d4 cxd4 4. Nxd4 a6 5. Nc3 Qc7 6. Bd3 Nf6 7. f4 d6 8. Qf3 Be7 9. g4 b5 10. g5 Nfd7 11. O-O Bb7 12. Qh3 g6 13. Be3 b4 14. Nce2 Nc5 15. Ng3 Nbd7 16. f5 gxf5 17. exf5 e5 18. Nb3 d5 19. f6 Bd6 20. g6 fxg6 21. Bxg6+ Kd8 22. f7 Nf8 23. Bh5 d4 24. Bg5+ Be7 25. Qh4 Nce6 26. Bxe7+ Qxe7 27. Qxe7+ Kxe7 28. Nf5+ Kd8 29. Bg4 Nd7 30. Nd6 Bd5 31. Bxe6 Bxe6 32. Nc5 Ke7 33. Nxd7 Bxd7 34. Nc4 Bb5 35. b3 Bxc4 36. bxc4 Rhf8 37. Rae1 Ke6 38. Re4 Rxf7 39. Rxf7 Kxf7 40. Rxe5 Rc8 41. c5 Kf6 42. Rh5 a5 43. Kf2 Re8 44. c6 Ke6 45. Rxa5 Kd6 46. Ra6 Re3 47. Ra4 Rc3 48. Rxb4 Rxc2+ 49. Kg3 Kd5 50. a4 Rxc6 51. Kf3 Rc3+ 52. Ke2 Ke4 53. Rb8 Rc2+ 54. Kd1 Rxh2 55. Re8+ Kd3 56. Kc1 Ra2 57. Rh8 Rxa4 58. Rxh7 Ra1+ 59. Kb2 Re1 60. Rh3+ Kd2 61. Rh2+ Re2 62. Rh1 d3 63. Kb3 Re1 64. Rh2+ Re2 65. Rh1 Rf2 0-1

[Event "Titled Tuesday 2020.06.16"]
[Site "chess.com INT"]
[Date "2020.06.16"]
[Round "10"]
[White "Hansen, Eric"]
[Black "Livaic, Leon"]
[Result "0-1"]
[WhiteElo "2606"]
[BlackElo "2507"]
[PlyCount "150"]
[GameId "2130307596000253"]
[EventDate "2020.06.16"]
[EventType "swiss"]
[EventRounds "10"]
[EventCountry "NET"]
[SourceTitle "10 Days #619"]
[Source "ChessMix"]
[SourceDate "2020.07.01"]
[SourceVersion "1"]
[SourceVersionDate "2020.07.01"]
[SourceQuality "1"]

1. e4 e6 2. d4 d5 3. Nc3 Bb4 4. e5 c5 5. a3 Bxc3+ 6. bxc3 Ne7 7. h4 Nbc6 8. h5 h6 9. Nf3 Qa5 10. Bd2 Qa4 11. Bd3 c4 12. Be2 Bd7 13. Nh2 O-O-O 14. Ng4 Rdg8 15. O-O Kb8 16. Bf4 Nc8 17. Ne3 Nb6 18. Qd2 Ka8 19. Rfb1 Qa5 20. Bf3 Na4 21. Rb4 Nxb4 22. cxb4 c3 23. Qd1 Qc7 24. Bg3 Bb5 25. Qe1 Rc8 26. Rb1 Qb6 27. Rd1 Nb2 28. Bh4 Nxd1 29. Qxd1 Rhe8 30. g3 Qa6 31. Qa1 Be2 32. Bg2 Qb6 33. Qe1 Bxh5 34. g4 Bg6 35. Qd1 Be4 36. Bf1 f6 37. exf6 gxf6 38. Bxf6 Rg8 39. Be5 Qd8 40. f3 Bh7 41. Qe1 h5 42. Bh3 hxg4 43. Bxg4 Bf5 44. Kf2 Qh4+ 45. Ke2 Qxe1+ 46. Kxe1 Bxg4 47. fxg4 Rcf8 48. Ke2 b6 49. b5 Kb7 50. a4 a6 51. Bd6 Rf7 52. Be5 axb5 53. axb5 Rff8 54. Bd6 Rf7 55. Be5 Rh7 56. Kf3 Rh3+ 57. Bg3 Rh1 58. Bf4 Rb1 59. g5 Rxb5 60. Ng4 Rb1 61. Nf6 Rf1+ 62. Ke3 Rg6 63. Ng4 Rg1 64. Kf3 b5 65. Ne5 Rg8 66. Nd3 R1xg5 67. Bxg5 Rxg5 68. Ke3 Kb6 69. Nf4 Rg3+ 70. Kf2 Rg4 71. Nxe6 Re4 72. Ng5 Rxd4 73. Nf3 Kc5 74. Ke3 Re4+ 75. Kd3 b4 0-1

[Event "PRO League Group Stage"]
[Site "chess.com INT"]
[Date "2020.01.06"]
[Round "1"]
[White "Hansen, Eric"]
[Black "Sarana, Alexey"]
[Result "1-0"]
[WhiteElo "2606"]
[BlackElo "2656"]
[PlyCount "57"]
[GameId "2130307599101744"]
[EventDate "2020.01.06"]
[EventType "team (rapid)"]
[EventRounds "7"]
[EventCountry "USA"]
[SourceTitle "The Week in Chess 1316"]
[Source "Mark Crowther"]
[SourceDate "2020.01.27"]
[SourceVersion "1"]
[SourceVersionDate "2020.01.27"]
[SourceQuality "2"]
[WhiteTeam "Canada Chessbrahs"]
[BlackTeam "California Unicorns"]

1. e4 c5 2. Nf3 d6 3. Bb5+ Bd7 4. Bxd7+ Qxd7 5. c4 Nc6 6. d4 cxd4 7. Nxd4 g6 8. Nc3 Bg7 9. Nde2 Nf6 10. f3 O-O 11. O-O Rac8 12. b3 e6 13. Bg5 h6 14. Bh4 Rfd8 15. f4 Qc7 16. Kh1 Rd7 17. Qd3 a6 18. Rad1 Qa5 19. Qh3 Qh5 20. e5 Nxe5 21. fxe5 Qxe5 22. Qf3 Ne8 23. Na4 Rc6 24. Nd4 Rc5 25. Nb6 Rdc7 26. b4 Rxc4 27. Nxc4 Rxc4 28. Qxf7+ Kh7 29. Nxe6 1-0

[Event "PRO League Group Stage"]
[Site "chess.com INT"]
[Date "2020.01.06"]
[Round "1"]
[White "Naroditsky, Daniel"]
[Black "Hansen, Eric"]
[Result "1/2-1/2"]
[WhiteElo "2621"]
[BlackElo "2606"]
[PlyCount "144"]
[GameId "2130307599101775"]
[EventDate "2020.01.06"]
[EventType "team (rapid)"]
[EventRounds "7"]
[EventCountry "USA"]
[SourceTitle "The Week in Chess 1316"]
[Source "Mark Crowther"]
[SourceDate "2020.01.27"]
[SourceVersion "1"]
[SourceVersionDate "2020.01.27"]
[SourceQuality "2"]
[WhiteTeam "California Unicorns"]
[BlackTeam "Canada Chessbrahs"]

1. Nf3 d5 2. g3 g6 3. Bg2 Bg7 4. O-O e5 5. d3 Ne7 6. e4 O-O 7. Nbd2 Nbc6 8. c3 a5 9. a4 h6 10. Re1 Be6 11. Qc2 Qd7 12. b3 Rad8 13. Bb2 f5 14. exd5 Bxd5 15. Rad1 Rfe8 16. Nc4 Nc8 17. Rd2 Nb6 18. Rde2 Nxc4 19. bxc4 Bf7 20. Rd2 g5 21. Rdd1 g4 22. Nh4 Bf6 23. Bc1 Kg7 24. Qb1 Rb8 25. Qb5 Bxh4 26. gxh4 f4 27. Be4 Bg6 28. Bd5 Qd6 29. d4 e4 30. h5 Bh7 31. Re2 e3 32. fxe3 f3 33. Rf2 Ne7 34. e4 c6 35. Qb6 Nc8 36. Qxa5 cxd5 37. e5 Qd8 38. Qxd5 Qxd5 39. cxd5 Nb6 40. d6 Nc4 41. h3 Bf5 42. Kh2 Kf7 43. hxg4 Bxg4 44. Rg1 Rg8 45. Rg3 Ke6 46. Bxh6 Ra8 47. Bf4 Kf5 48. Bc1 Rh8 49. h6 Rxa4 50. Rgxf3+ Bxf3 51. Rxf3+ Ke4 52. Rg3 Ra1 53. Bg5 Nb6 54. e6 Kd5 55. d7 Raa8 56. Re3 Nc4 57. e7 Nxe3 58. d8=Q+ Raxd8 59. exd8=Q+ Rxd8 60. Bxd8 Ng4+ 61. Kg3 Nxh6 62. Kf4 Nf7 63. Be7 b5 64. Kf5 Nh6+ 65. Kg5 Nf7+ 66. Kg6 Nd6 67. Bxd6 Kxd6 68. Kf5 Kd5 69. Kf6 b4 70. cxb4 Kxd4 71. b5 Kc5 72. b6 Kxb6 1/2-1/2

[Event "PRO League Group Stage"]
[Site "chess.com INT"]
[Date "2020.01.13"]
[Round "2"]
[White "Hansen, Eric"]
[Black "Bitelmajer, Martin"]
[Result "1-0"]
[WhiteElo "2606"]
[BlackElo "2475"]
[PlyCount "81"]
[GameId "2130307599105963"]
[EventDate "2020.01.06"]
[EventType "team (rapid)"]
[EventRounds "7"]
[EventCountry "USA"]
[SourceTitle "The Week in Chess 1316"]
[Source "Mark Crowther"]
[SourceDate "2020.01.27"]
[SourceVersion "1"]
[SourceVersionDate "2020.01.27"]
[SourceQuality "2"]
[WhiteTeam "Canada Chessbrahs"]
[BlackTeam "Argentina Krakens"]

1. e4 e5 2. Nf3 Nc6 3. Bb5 a6 4. Ba4 Nge7 5. O-O g6 6. d4 exd4 7. Nxd4 Bg7 8. Nxc6 Nxc6 9. Nc3 O-O 10. Nd5 d6 11. c3 h6 12. h3 Ne7 13. Re1 Nxd5 14. exd5 Bf5 15. Be3 Qh4 16. Bc2 Bxc2 17. Qxc2 Rfe8 18. a4 a5 19. Qb3 b6 20. Qb5 Re7 21. Bd2 Be5 22. f4 Bg7 23. Rxe7 Qxe7 24. Re1 Qd8 25. Qc6 Rb8 26. g3 Kh7 27. Be3 Qc8 28. Bf2 Bf6 29. Kg2 Kg7 30. g4 Qb7 31. Qb5 Rc8 32. h4 c6 33. dxc6 Rxc6 34. Qd5 Qc8 35. g5 hxg5 36. hxg5 Bd8 37. Bd4+ Kf8 38. Kg3 Be7 39. Rh1 Ke8 40. Rh8+ Bf8 41. Bg7 1-0

[Event "PRO League Group Stage"]
[Site "chess.com INT"]
[Date "2020.01.13"]
[Round "2"]
[White "Hansen, Eric"]
[Black "Flores, Diego"]
[Result "1-0"]
[WhiteElo "2606"]
[BlackElo "2599"]
[PlyCount "105"]
[GameId "2130307599105964"]
[EventDate "2020.01.06"]
[EventType "team (rapid)"]
[EventRounds "7"]
[EventCountry "USA"]
[SourceTitle "The Week in Chess 1316"]
[Source "Mark Crowther"]
[SourceDate "2020.01.27"]
[SourceVersion "1"]
[SourceVersionDate "2020.01.27"]
[SourceQuality "2"]
[WhiteTeam "Canada Chessbrahs"]
[BlackTeam "Argentina Krakens"]

1. e4 e5 2. Nf3 Nc6 3. Bb5 a6 4. Ba4 d6 5. Bxc6+ bxc6 6. d4 exd4 7. Nxd4 c5 8. Nc6 Qd7 9. Na5 Nf6 10. Nc3 Be7 11. O-O O-O 12. Qf3 Rb8 13. h3 Re8 14. Rd1 Qe6 15. Nc6 Rb6 16. Nxe7+ Qxe7 17. Bg5 Bb7 18. Bxf6 Qxf6 19. Qxf6 gxf6 20. b3 Rb4 21. f3 Rd4 22. Kf2 f5 23. exf5 Rf4 24. Re1 Kf8 25. Rxe8+ Kxe8 26. Nd1 Rxf5 27. c4 Kd7 28. Ne3 Re5 29. g4 a5 30. Rd1 a4 31. h4 Bc6 32. g5 axb3 33. axb3 Re8 34. Ng4 Rb8 35. Ne5+ Ke6 36. Nxc6 Rxb3 37. Re1+ Kd7 38. Ne7 c6 39. Ng8 d5 40. Nf6+ Kd6 41. Nxh7 dxc4 42. Nf6 c3 43. Rc1 Ke5 44. Ke3 c2+ 45. Ke2 Kf4 46. Rxc2 Re3+ 47. Kf2 Rxf3+ 48. Kg2 Rg3+ 49. Kh2 Rd3 50. Rf2+ Ke5 51. Ng4+ Kd6 52. h5 Ke7 53. Rxf7+ 1-0